000 00901nam a2200265 i 4500
001 000027693
003 DO-SdBNP
005 20241001114904.0
007 ta
008 110404s1966 dr 000 0 spa d
040 _aDO-SdBNP
_bspa
_cBNPHU
_erda
049 _aBNPD
082 4 _222
100 1 _aFiallo, Gilberto Odalís,
_eautor
_4aut.
_921581
245 1 0 _aCambiaso, Acosta, Maggiolo y el Combate Naval de Tortuguero /
_cGilberto Odalís Fiallo ; prólogo, Emiliano Jiménez.
264 _a[Santo Domingo] :
_bEditor Oficina de Relaciones Públicas Marina de Guerra,
_c1966.
300 _a39 páginas :
_bilustraciones ;
_c25 cm.
336 _atexto
_btxt
_2rdacontent
337 _asin mediación
_bn
_2rdamedia
338 _avolumen
_bnc
_2rdacarrier
590 _aInventariado, 2024/BT
700 1 _aJiménez, Emiliano,
_epróloguista
_4pr.
_954775
910 _aBtavárez
942 _2ddc
_cLF2
999 _c27185
_d27185